000 00558nam a2200193 i 4500
001 bgj
100 1 _aSOLSCHENIZYN, Alexander.
245 1 0 _aDer Archipel Gulag /
_cAlexander Solschenizyn ; [Übersetzung aus dem Russichen von Anna Peturnig].
260 _aBern ;
_aMünchen :
_bScherz,
_ccop. 1974.
300 _a606, [1] s. ;
_c21 cm.9
650 _aPowieść rosyjska
700 1 _aPETURNIG, Anna.
040 _cBPK
041 0 _ager
_hrus
044 _aDEU
080 _a821.161.1-3
942 _cKS
008 s gw f |000 0 ger
999 _c50015
_d50015
856 _uhttp://koha.tu.koszalin.pl/cgi-bin/koha/opac-detail.pl?biblionumber=50015
_yKatalog online BPK